Visualizzazione normale
Vista MARC
- Lafonte Bernardo
di Personal Name
Records bibliografici associati: 1
001 - CONTROL NUMBER
- control field: 28084
003 - CONTROL NUMBER IDENTIFIER
- control field: IT-RoPau
005 - DATE AND TIME OF LATEST TRANSACTION
- control field: 20140530212451.0
008 - FIXED-LENGTH DATA ELEMENTS
- fixed length control field: 140530|| aca||aabn | a|a d
040 ## - CATALOGING SOURCE
- Original cataloging agency: IT-RoPau
- Transcribing agency: IT-RoPau
100 ## - HEADING--PERSONAL NAME
- Personal name: Lafonte Bernardo
- Relator term: Autore
- Miscellaneous information: Codice autore SPICS: 13067
670 ## - SOURCE DATA FOUND
- Source citation: Work cat.: (IT-RoPau)101769: Lafonte Bernardo 23349, Vangelo giovane